Makroregiony fizyczno-geograficzne Polski - Statystyki

Ogólne statystyki
  • Ten quiz został rozwiązany 3 razy
  • Średni wynik to 29 z 59
Statystyki odpowiedzi
Podprowincja Makroregion % Poprawnych
Podkarpacie Północne Kotlina Sandomierska
100%
Pojezierza Wschodniobałtyckie Pojezierze Mazurskie
100%
Pojezierza Południowobałtyckie Pojezierze Wielkopolskie
100%
Pojezierza Południowobałtyckie Dolina Dolnej Wisły
67%
Niziny Środkowopolskie Nizina Północnomazowiecka
67%
Wysoczyzny Podlasko-Białoruskie Nizina Północnopodlaska
67%
Niziny Środkowopolskie Nizina Południowopodlaska
67%
Niziny Środkowopolskie Nizina Śląska
67%
Pobrzeża Południowobałtyckie Pobrzeże Gdańskie
67%
Pobrzeża Południowobałtyckie Pobrzeże Koszalińskie
67%
Pobrzeża Południowobałtyckie Pobrzeże Szczecińskie
67%
Pojezierza Południowobałtyckie Pojezierze Chełmińsko-Dobrzyńskie
67%
Pojezierza Południowobałtyckie Pojezierze Iławskie
67%
Pojezierza Wschodniobałtyckie Pojezierze Litewskie
67%
Pojezierza Południowobałtyckie Pojezierze Lubuskie
67%
Pojezierza Południowobałtyckie Pojezierze Południowopomorskie
67%
Pojezierza Południowobałtyckie Pojezierze Wschodniopomorskie
67%
Pojezierza Południowobałtyckie Pojezierze Zachodniopomorskie
67%
Polesie Polesie Wołyńskie
67%
Polesie Polesie Zachodnie
67%
Sudety z Przedgórzem Sudeckim Przedgórze Sudeckie
67%
Wyżyna Lubelsko-Lwowska Roztocze
67%
Sudety z Przedgórzem Sudeckim Sudety Środkowe
67%
Sudety z Przedgórzem Sudeckim Sudety Wschodnie
67%
Sudety z Przedgórzem Sudeckim Sudety Zachodnie
67%
Wyżyna Śląsko-Krakowska Wyżyna Krakowsko-Częstochowska
67%
Wyżyna Lubelsko-Lwowska Wyżyna Lubelska
67%
Zewnętrzne Karpaty Wschodnie Beskidy Lesiste
33%
Zewnętrzne Karpaty Zachodnie Beskidy Środkowe
33%
Zewnętrzne Karpaty Zachodnie Beskidy Zachodnie
33%
Podkarpacie Północne Brama Krakowska
33%
Podkarpacie Północne Kotlina Ostrawska
33%
Podkarpacie Północne Kotlina Oświęcimska
33%
Wyżyna Wołyńsko-Podolska Kotlina Pobuża
33%
Centralne Karpaty Zachodnie Łańcuch Tatrzański
33%
Wyżyna Małopolska Niecka Nidziańska
33%
Niziny Środkowopolskie Nizina Południowowielkopolska
33%
Niziny Sasko-Łużyckie Nizina Śląsko-Łużycka
33%
Niziny Środkowopolskie Nizina Środkowomazowiecka
33%
Pobrzeża Wschodniobałtyckie Nizina Staropruska
33%
Niziny Sasko-Łużyckie Obniżenie Dolnołużyckie
33%
Niziny Środkowopolskie Obniżenie Milicko-Głogowskie
33%
Centralne Karpaty Zachodnie Obniżenie Orawsko-Podhalańskie
33%
Zewnętrzne Karpaty Zachodnie Pogórze Środkowobeskidzkie
33%
Zewnętrzne Karpaty Zachodnie Pogórze Zachodniobeskidzkie
33%
Sudety z Przedgórzem Sudeckim Pogórze Zachodniosudeckie
33%
Pojezierza Południowobałtyckie Pojezierze Leszczyńskie
33%
Pojezierza Południowobałtyckie Pradolina Toruńsko-Eberswaldzka
33%
Pojezierza Południowobałtyckie Pradolina Warciańsko-Odrzańska
33%
Niziny Środkowopolskie Wał Trzebnicki
33%
Wyżyna Małopolska Wyżyna Kielecka
33%
Wyżyna Małopolska Wyżyna Przedborska
33%
Wyżyna Śląsko-Krakowska Wyżyna Śląska
33%
Wyżyna Wołyńsko-Podolska Wyżyna Wołyńska
33%
Wyżyna Śląsko-Krakowska Wyżyna Woźnicko-Wieluńska
33%
Niziny Sasko-Łużyckie Wzniesienia Łużyckie
33%
Niziny Środkowopolskie Wzniesienia Południowomazowieckie
33%
Pojezierza Południowobałtyckie Wzniesienia Zielonogórskie
33%
Podkarpacie Wschodnie Płaskowyż Sańsko-Dniestrzański
0%
Nie znaleziono quizów pasujących do podanych kryteriów
Rozkład punktacji
Procent ludzi z każdym wynikiem
Percentyl według liczby udzielonych odpowiedzi
Twoja historia wyników
Nie rozwiązałeś tego quizu